000 01245cam a22003614a 4500
001 2208
003 FISKH
005 20260304124914.0
008 020722s2003 maua b 000 0 eng
010 _a 2002011673
020 _a0618256288 (hardcover)
020 _a9780439704151
040 _aDLC
_cDLC
_dDLC
_beng
042 _apcc
_alcac
050 0 0 _aQL945
_b.J46 2003
082 0 0 _a573.8/7
_221
100 1 _aJenkins, Steve,
_d1952-
245 1 0 _aWhat do you do with a tail like this? /
_cSteve Jenkins & Robin Page.
250 _aFirst Scholastic paperback printing, January 2006
260 _aNew York :
_bScholastic,
_c2003
300 _a30 unnumbered pages :
_bcolor illustrations ;
_c25 cm
505 _aL
520 _aAnimals can do amazing things with their ears, eyes, mouths, noses, feet, and tails. Some of the skills are highlighted in this interactive guessing book.
521 8 _a510
_bLexile
521 8 _aL
_bRaz-Plus
650 0 _aSense organs
_vJuvenile literature.
650 1 _aAnimals
_xPhysiology.
650 1 _aAnimals
_xMiscellanea.
650 1 _aQuestions and answers.
700 1 _aPage, Robin,
_d1957-
_eAuthor
906 _a7
_bcbc
_corignew
_d1
_eecip
_f20
_gy-gencatlg
942 _2ddc
_cBK
_n0
999 _c2208
_d2208